Different First Letter Homophones Quiz Stats

 Plays Quiz Updated Aug 27, 2019

Score 0/32 Timer 03:00
1 Play Today
Homophone #1 Homophone #2 % Correct
AteEight
95.9%
KneadNeed
95.1%
HoleWhole
94.9%
RetchWretch
94.4%
CerealSerial
94.1%
SealingCeiling
94%
OneWon
91.1%
JeanGene
90.5%
NightKnight
90.5%
NoseKnows
90.1%
CellSell
89.9%
AughtOught
89.2%
HeirlessAirless
88.7%
RaptWrapped
88.2%
OurHour
87.7%
NaveKnave
86.7%
Homophone #1 Homophone #2 % Correct
KoiCoy
86.2%
FazedPhased
85.9%
FatPhat
85.8%
ScentCent
85.7%
ShootChute
85.6%
IsleAisle
85.3%
WryRye
85.3%
RackWrack
85%
KernelColonel
84.6%
QueueCue
81.9%
CarrotKarat
81.9%
CraftKraft
80.8%
EarnUrn
79.8%
WhoHoo
79.4%
SightCite
76.5%
ReekWreak
76.3%

You're not logged in!

Compare scores with friends on all Sporcle quizzes.
OR
Log In

Show Comments

Extras

Top Quizzes Today


Score Distribution

Your Account Isn't Verified!

In order to create a playlist on Sporcle, you need to verify the email address you used during registration. Go to your Sporcle Settings to finish the process.

Report this User

Report this user for behavior that violates our Community Guidelines.

Details: